000 00484nam a2200193Ia 4500
005 20250423094602.0
008 250422s9999 xx 000 0 und d
020 _a9781429273961 |a 1429273968 |c 332.89 TL
050 _aQP 514.2 .S66/
100 _aBerg, Jeremy M.
245 0 _aBiochemistry
250 _a7 th ed.
260 _aNew York
260 _bW.H.Freeman and Company
260 _c2012
300 _a1098 p
650 _aBiochemistry--Textbooks
942 _cBK
999 _c27684
_d27684